Река Гераклита: рассказы и повести; Река Гераклита; Воспоминания; Мягкая посадка; Колокольня; Терпение; Болдинский свет; От письма до письма; Мальчик на быке; Рахманинов

Bibliografiske detaljer
Hovedforfatter: Нагибин Ю. М. Юрий Маркович
Andre forfattere: Ноздрин Ю. (иллюстратор)
Sprog:russisk
Udgivet: Москва, Современник, 1984
TOC:Река Гераклита; Воспоминания; Мягкая посадка; Колокольня; Терпение; Болдинский свет; От письма до письма;
Мальчик на быке; Рахманинов;
Fag:
Format: MixedMaterials Bog
KOHA link:https://koha.lib.tpu.ru/cgi-bin/koha/opac-detail.pl?biblionumber=144933

MARC

LEADER 00000nam0a2200000 4500
001 144933
005 20231101221127.0
020 |a RU  |b 84-47066 
035 |a (RuTPU)RU\TPU\book\157087 
090 |a 144933 
100 |a 20081010d1984 m y0rusy5003 ca 
101 0 |a rus 
102 |a RU 
105 |a a z 000ay 
200 1 |a Река Гераклита  |e рассказы и повести  |f Ю. М. Нагибин  |g худож. Ю. Ноздрин 
210 |a Москва  |c Современник  |d 1984 
215 |a 270 с.  |c ил.  |d 21 см 
464 |t Река Гераклита; Воспоминания; Мягкая посадка; Колокольня; Терпение; Болдинский свет; От письма до письма  |o рассказы 
464 |t Мальчик на быке; Рахманинов  |o повести 
610 1 |a советская литература 
610 1 |a рассказы 
610 1 |a повести 
675 |a Р2  |z rus 
700 1 |a Нагибин  |b Ю. М.  |c русский писатель  |f 1920-1994  |g Юрий Маркович  |2 stltpush  |3 (RuTPU)RU\TPU\pers\15436  |9 5348 
702 1 |a Ноздрин  |b Ю.  |4 440 
801 0 |a RU  |b RuMRKP  |c 19950704  |g psbo 
801 1 |a RU  |b 63413507  |c 20081010  |g PSBO 
801 2 |a RU  |b 63413507  |c 20170215  |g PSBO 
942 |c BK